000 00671nam a2200265Ia 4500
003 OSt
005 20221007075306.0
006 a|||||r|||| 00| 0
007 ta
008 221006b |||||||| |||| 00| 0 eng d
020 _a817177122X
024 _a4,594
037 _cTextual
040 _aFLL
_cFLL
_beng
041 _2eng
_aeng
082 _aZ2,2675, P0
100 _aNarayanan P. Au.
245 0 _aLaw of trade marks
250 _a5th
260 _aNew Delhi
_bEastren law House India
_c2000
300 _a916p
_ccm.
650 _aLaw of trade marks
942 _hZ2,2675, P0
_cTEXL
_2CC
999 _c1155500
_d1155500